Pays du Tropique du Cancer - Statistiques

Statistiques générales
  • Ce quiz a été pris 106 fois
  • Le résultat moyen est 14 sur 18
Statistiques - réponses
Continent Pays % Correct
Afrique Algérie
97%
Asie Inde
97%
Afrique Egypte
92%
Afrique Libye
89%
Afrique Maroc
89%
Amériques Mexique
89%
Afrique Mauritanie
88%
Asie Chine
86%
Asie Arabie Saoudite
82%
Afrique Mali
82%
Afrique Tchad
80%
Afrique Niger
77%
Asie Birmanie
68%
Asie Bangladesh
67%
Asie Oman
65%
Amériques Bahamas
56%
Asie Emirats Arabes Unis
56%
Asie Taïwan
55%
Aucun quiz correspondant
Distribution des résultats
% des personnes avec chaque résultat
Percentile par nombre de réponses
Votre historique - résultats
Vous n’avez pas pris ce quiz